Shrinking Cities in Pennsylvania - Statistics

General Stats
  • This quiz has been taken 34 times
  • The average score is 5 of 8
Answer Stats
Population Growth Rate (%) City % Correct
302,971 -0.8 Pittsburgh
100%
94,831 -7.0 Erie
94%
58,039 -2.1 Lancaster
75%
43,963 -4.4 Altoona
72%
27,754 -5.7 Williamsport
56%
40,501 -3.6 State College
50%
32,605 -3.9 Chester
44%
21,926 -6.0 New Castle
31%
No matching quizzes found
Score Distribution
Percent of People with Each Score
Percentile by Number Answered
Your Score History
You have not taken this quiz